| 000 | 00997nam a22001937a 4500 | ||
|---|---|---|---|
| 999 |
_c59573 _d59573 |
||
| 003 | Ge_BSU | ||
| 005 | 20230824165011.0 | ||
| 008 | 230317s2010 ge ||||| |||| 00| 0 geo d | ||
| 020 | _a19879288 | ||
| 041 | _ageo | ||
| 080 | _a81+ 82+39+94 წ–35 | ||
| 245 |
_aწელიწდეული : _cილია ჭავჭავაძის სახელობის ქუთაისის სამეცნიერო ბიბლიოთეკა; რედაქტორი მერაბ გვაზავა. _b2 / |
||
| 264 |
_aქუთაისი : _b აკაკი წერეთლის სახელმწ. უნ-ტის გამ-ბა, _c2010. |
||
| 300 |
_a278 გვ.; _b24 სმ. |
||
| 653 | _aწელიწდეული | ||
| 700 |
_aგვაზავა, მერაბ _eრედაქტორი _917223 |
||
| 856 |
_uhttps://dspace.nplg.gov.ge/bitstream/1234/178743/1/Celicdeuli_2010_N2.pdf _yელ. ვერსია. pdf |
||
| 942 |
_2udc _cBK |
||